00457nam a2200133Ia 4500100003000000942000700030654001400037245003100051260004600082082001900128546001200147999001700159952014700176 aNatioanal Semi conductor  cBK afunctions aSpecial functions databook bNational semiconductor corpn.aCalifornia a621.38173bNAT aENGLISH c20936d20936 001040708CRCaCRCEbCRCEd2023-03-17eProgressive Booksg150.00i2238 dt 9.6.92l0o621.38173 NATp3617r2023-03-17v150.00w1992-06-09yBK